A space - or a place - for everyone? (Record no. 73625)

MARC details
000 -LEADER
fixed length control field 00984cam a2200217 4500
001 - CONTROL NUMBER
control field ABS67185
008 - FIXED-LENGTH DATA ELEMENTS--GENERAL INFORMATION
fixed length control field 031022n2003 000 0 eng u
035 ## - SYSTEM CONTROL NUMBER
System control number (Sirsi) u123972
100 ## - MAIN ENTRY--PERSONAL NAME
Personal name Worpole, K.
245 #2 - TITLE STATEMENT
Title A space - or a place - for everyone?
260 ## - PUBLICATION, DISTRIBUTION, ETC.
Date of publication, distribution, etc. 2003
490 ## - SERIES STATEMENT
Series statement Town & Country Planning
Volume/sequential designation 72(8) September 2003, 242-244(3)
520 ## - SUMMARY, ETC.
Summary, etc. Examines the concept of public space and its relationship with planning. Looks at some of the political background to the issue in relation to perceived deterioration of public spaces and parks. Lists many of the recent reports on government initiatives and discusses the influence of the media in this area. Discuss the physical, symbolic and relational public realm and the effect on children of public planning.
590 ## - LOCAL NOTE (RLIN)
Local note ABS
650 ## - SUBJECT ADDED ENTRY--TOPICAL TERM
Topical term or geographic name entry element PUBLIC SPACE
650 ## - SUBJECT ADDED ENTRY--TOPICAL TERM
Topical term or geographic name entry element PROJECTS
650 ## - SUBJECT ADDED ENTRY--TOPICAL TERM
Topical term or geographic name entry element PARKS
650 ## - SUBJECT ADDED ENTRY--TOPICAL TERM
Topical term or geographic name entry element CHILDREN
690 ## - LOCAL SUBJECT ADDED ENTRY--TOPICAL TERM (OCLC, RLIN)
Topical term or geographic name as entry element ENVIRONMENTAL AND LAND CONSULTANCY-PLANNING AND DEVELOPMENT
942 ## - ADDED ENTRY ELEMENTS (KOHA)
Suppress in OPAC 0
Holdings
Withdrawn status Lost status Source of classification or shelving scheme Damaged status Not for loan Home library Current library Shelving location Date acquired Total Checkouts Full call number Barcode Date last seen Copy number Price effective from Koha item type
    Dewey Decimal Classification     London London Journal article 22/10/2003   ABS67185 123972-1001 06/08/2019 1 06/08/2019 Journal article